Texas Assessment of Basic Skills : writing objectives and measurement specifications, 1986 : grade 3, grade 5, and grade 9.

Bibliographic Details
Corporate Author: Texas Education Agency. Division of Educational Assessment
Format: Government Document Book
Language:English
Published: Austin, Tex. : Division of Educational Assessment, Texas Education Agency, [1984]
Subjects:

MARC

Tag First Indicator Second Indicator Subfields
LEADER 00000cam a2200000 a 4500
001 in00001069304
005 20150929093024.0
008 841214s1984 txua s00000 eng d
020 |c $1.00 
035 |a (OCoLC)11492562 
035 |9 AFM7668AM 
040 |a IKM  |c IKM  |d UtOrBLW 
049 |a IKMd 
086 |a E510.8 As74wro 1984  |2 txdocs 
099 |a E510.8  |a As74wro  |a 1984 
245 0 0 |a Texas Assessment of Basic Skills :  |b writing objectives and measurement specifications, 1986 : grade 3, grade 5, and grade 9. 
264 1 |a Austin, Tex. :  |b Division of Educational Assessment, Texas Education Agency,  |c [1984] 
300 |a vi, 39 pages :  |b illustrations ;  |c 28 cm. 
336 |a text  |b txt  |2 rdacontent 
337 |a unmediated  |b n  |2 rdamedia 
338 |a volume  |b nc  |2 rdacarrier 
500 |a "August 1984." 
500 |a "GE4 442 05." 
650 0 |a Educational tests and measurements  |z Texas. 
650 0 |a Achievement tests  |z Texas. 
710 2 |a Texas Education Agency.  |b Division of Educational Assessment. 
740 0 |a Writing objectives and measurement specifications, 1986, grade 3, grade 5, and grade 9. 
999 |a MARS 
999 f f |s eba300d8-0c8e-311a-a931-d74e93418e55  |i dd76efbe-d130-3adb-b611-6724557a192f  |t 0 
952 f f |p normal  |a Texas A&M University  |b College Station  |c Sterling C. Evans Library  |d Evans: Texas Documents (Annex 5th floor)  |t 0  |e E510.8 As74wro 1984  |h Superintendent of Documents classification  |i unmediated -- volume  |l 1984  |m A14812685261 
998 f f |a E510.8 As74wro 1984  |t 0  |l Evans: Texas Documents (Annex 5th floor)